Statistics for Pink Floyd Albums by Cover

Click here to take the quiz!

General Stats

  • This quiz has been taken 147 times
  • The average score is 12 of 15

Answer Stats

Answer% Correct
The {Dark} {Side} of the {Moon}
98%
The {Wall}
96%
{Wish} {You} {Were} {Here}
94%
{Animals}
89%
{Meddle}
81%
The {Division} {Bell}
80%
{Atom} {Heart} {Mother}
79%
The {Piper} at the {Gates} of {Dawn}
79%
The {Final} {Cut}
75%
{Ummagumma}
73%
A {Saucerful} of {Secrets}
71%
{Obscured} by {Clouds}
68%
{More}
64%
A {Momentary} {Lapse} of {Reason}
62%
The {Endless} {River}
59%

Score Distribution

Percentile by Number Answered

Percent of People with Each Score

Your Score History

You have not taken this quiz